Normal view
MARC view
Entry Topical Term
001 - CONTROL NUMBER
- control field: 34017
003 - CONTROL NUMBER IDENTIFIER
- control field: ARRUPE
005 - DATE AND TIME OF LATEST TRANSACTION
- control field: 20170801080334.0
008 - FIXED-LENGTH DATA ELEMENTS
- fixed length control field: 170801|| aca||aabn | a|a d
040 ## - CATALOGING SOURCE
- Original cataloging agency: ARRUPE
- Transcribing agency: ARRUPE
150 ## - HEADING--TOPICAL TERM
- Topical term or geographic name as entry element: Philosophy, English.
670 ## - SOURCE DATA FOUND
- Source citation: Work cat.: (ARRUPE)40150: Muirhead, John H. (John Henry), 1855-1940. 34014, The Platonic tradition in Anglo-Saxon philosophy;, 1965.